[Event "24th ch-EUR Indiv w 2024"]
[Site "Rhodes GRE"]
[Date "2024.04.29"]
[Round "10.68"]
[White "Kakulidis, Ellen"]
[Black "Bluebaum, Johanna"]
[Result "1-0"]
[WhiteTitle "WFM"]
[WhiteElo "2062"]
[BlackElo "1977"]
[WhiteFideId "1444972"]
[BlackFideId "24647373"]
[EventDate "2024.04.19"]

1. d4 Nf6 2. c4 e6 3. g3 d5 4. Bg2 Bd6 5. Nf3 Nc6 6. O-O O-O 7. a3 dxc4 8. Nbd2
e5 9. dxe5 Nxe5 10. Nxe5 Bxe5 11. Nxc4 Bd4 12. e3 Be6 13. Qc2 Bb6 14. Bxb7 Rb8
15. Bg2 Qe8 16. b3 Bd5 17. Bxd5 Nxd5 18. Bb2 Qe6 19. Rfd1 Nf6 20. Qc3 Rfd8 21.
Rd3 Rxd3 22. Qxd3 c6 23. Nxb6 axb6 24. Rd1 h6 25. Qd6 Re8 26. Bxf6 gxf6 27. b4
b5 28. Qf4 Qb3 29. Rd4 Qb1+ 30. Kg2 Kg7 31. Rd6 Re6 32. Qg4+ Kf8 33. Rxe6 fxe6
34. Qxe6 Kg7 35. Qxc6 Qd3 36. h4 Qxa3 37. Qxb5 Qa8+ 38. Kh2 Qf3 39. Qd7+ Kg6 40.
Qd2 Qf5 41. Qe2 Kf7 42. b5 Qc5 43. Qa2+ Kg7 44. Qb2 Qb6 45. Qb4 Kf7 46. Qc4+ Kg7
47. Qc6 Qa5 48. b6 Qd2 49. Kg2 1-0

[Event "24th ch-EUR Indiv w 2024"]
[Site "Rhodes GRE"]
[Date "2024.04.29"]
[Round "10.69"]
[White "Zvereva, Marija"]
[Black "Vasylchuk, Diana"]
[Result "1-0"]
[WhiteTitle "WIM"]
[WhiteElo "2049"]
[BlackElo "1931"]
[WhiteFideId "4121082"]
[BlackFideId "34134611"]
[EventDate "2024.04.19"]

1. e4 d5 2. exd5 Qxd5 3. Nc3 Qa5 4. d4 Nf6 5. Nf3 Bg4 6. h3 Bh5 7. g4 Bg6 8. Ne5
e6 9. Nxg6 hxg6 10. Bg2 c6 11. Qd3 Na6 12. O-O O-O-O 13. Bf4 Bd6 14. Bxd6 Rxd6
15. Ne4 Nxe4 16. Qxe4 Qb6 17. Qf3 Rd7 18. c3 Nc7 19. b4 Nd5 20. a4 Qc7 21. b5
Nf4 22. bxc6 bxc6 23. Rfe1 Nxg2 24. Kxg2 Qd6 25. Re5 Re8 26. Rc5 Rc7 27. Re1
Ree7 28. a5 f6 29. g5 e5 30. Qg4+ f5 31. Qg3 Rb7 32. Rexe5 Rxe5 33. Rxe5 Re7 34.
Qe3 Rxe5 35. Qxe5 Qd5+ 36. Qxd5 cxd5 37. Kf3 Kd7 38. Kf4 Kd6 39. h4 a6 40. f3
Ke6 41. Ke3 Kd7 42. Kd3 Kd6 43. c4 dxc4+ 44. Kxc4 Kc6 45. d5+ Kd6 46. Kd4 f4 47.
Ke4 Kc5 48. Ke5 1-0

[Event "24th ch-EUR Indiv w 2024"]
[Site "Rhodes GRE"]
[Date "2024.04.29"]
[Round "10.70"]
[White "Valkova, Angelika"]
[Black "Vardi, Shlomit"]
[Result "1-0"]
[WhiteElo "2009"]
[BlackElo "1906"]
[WhiteFideId "14129272"]
[BlackFideId "2801442"]
[EventDate "2024.04.19"]

1. d4 Nf6 2. c4 b6 3. Nc3 Bb7 4. f3 Nc6 5. a3 e6 6. e4 d6 7. Be3 g6 8. h4 Bg7 9.
Qd2 Na5 10. Rb1 d5 11. cxd5 exd5 12. e5 Ng8 13. h5 Ne7 14. h6 Bf8 15. Bg5 Qd7
16. Bf6 Rg8 17. Bb5 c6 18. b4 Nc4 19. Bxc4 dxc4 20. Ne4 Nd5 21. Nh3 c3 22. Qg5
Qf5 23. Kf2 Ba6 24. Rbe1 Kd7 25. Qc1 Kc7 26. g4 Qd7 27. Rd1 c2 28. Qxc2 Bxh6 29.
Nhg5 Bxg5 30. Bxg5 f5 31. Nf6 Nxf6 32. Bxf6 Rac8 33. g5 Kb8 34. Qb3 Rge8 35. Rh4
Bb7 36. Rdh1 Ka8 37. e6 Rxe6 38. Rxh7 Qe8 39. Be5 Rxe5 40. dxe5 Qxe5 41. Re1
Qd4+ 42. Qe3 Qd5 43. Re7 Qd6 44. Kg2 c5 45. bxc5 bxc5 46. Re8 Qc6 47. Rxc8+ Bxc8
48. Qe8 Kb7 49. Re7+ Kb6 50. Qd8+ Kb5 51. Rxa7 Bb7 52. Qd1 Kb6 53. Ra4 Kc7 54.
Rh4 c4 55. Qe2 Ba6 56. Qe7+ Kb6 57. Qb4+ Qb5 58. Rxc4 1-0

[Event "24th ch-EUR Indiv w 2024"]
[Site "Rhodes GRE"]
[Date "2024.04.29"]
[Round "10.71"]
[White "Lomaia, Diana"]
[Black "Chasouraki, Chrysi"]
[Result "1-0"]
[WhiteTitle "WFM"]
[WhiteElo "2005"]
[BlackElo "1827"]
[WhiteFideId "13612476"]
[BlackFideId "25861123"]
[EventDate "2024.04.19"]

1. d4 d5 2. c4 e6 3. Nc3 Nf6 4. cxd5 exd5 5. Bg5 c6 6. e3 h6 7. Bh4 Be7 8. Bd3
O-O 9. Qc2 Re8 10. Nge2 Nbd7 11. O-O a5 12. f3 b5 13. Bf2 Ba6 14. e4 b4 15. Na4
dxe4 16. Bxe4 Bb5 17. Rfd1 Rc8 18. Ng3 Bf8 19. Rac1 g6 20. Nc5 Nxe4 21. Ngxe4
Nb6 22. Nb7 Qc7 23. Nf6+ Kg7 24. Nxe8+ Rxe8 25. Nc5 Bd6 26. g3 h5 27. Re1 Rd8
28. Ne4 Nd5 29. Qd2 h4 30. Nxd6 Qxd6 31. Qg5 h3 32. Re4 f6 33. Qd2 Rh8 34. Rce1
Kf7 35. g4 Qd7 36. Bg3 Ba6 37. Re6 Qxe6 38. Rxe6 Kxe6 39. Qc2 Ne7 40. Qc5 Bb5
41. Qd6+ Kf7 42. g5 fxg5 43. Be5 Rf8 44. Kf2 Nd5 45. Qd7+ Ne7 46. d5 cxd5 47.
Qxb5 Ke6 48. Qe2 Kd7 49. Kg3 Nc6 50. Qd3 1-0

[Event "24th ch-EUR Indiv w 2024"]
[Site "Rhodes GRE"]
[Date "2024.04.29"]
[Round "10.72"]
[White "Manko, Mariia"]
[Black "Kalayci, Nino"]
[Result "0-1"]
[WhiteTitle "WFM"]
[BlackTitle "WCM"]
[WhiteElo "2251"]
[BlackElo "1755"]
[WhiteFideId "14199220"]
[BlackFideId "13603221"]
[EventDate "2024.04.19"]

1. d4 Nf6 2. c4 e6 3. g3 d5 4. Bg2 Be7 5. Nf3 O-O 6. O-O dxc4 7. Qc2 a6 8. a4
Bd7 9. Qxc4 Bc6 10. Bg5 Bd5 11. Qc2 Be4 12. Qc1 Nc6 13. e3 Bb4 14. Nc3 Bxc3 15.
bxc3 h6 16. Bxf6 Qxf6 17. Nd2 Bxg2 18. Kxg2 Rfd8 19. Rb1 Rab8 20. Ne4 Qg6 21.
Nc5 Na5 22. c4 e5 23. d5 b6 24. Nxa6 Ra8 25. Nb4 Qe4+ 26. f3 Qxc4 27. e4 Rd7 28.
Qb2 c5 29. dxc6 Nxc6 30. Nd5 Rxd5 31. exd5 Qxd5 32. Qb5 Qe6 33. Qxb6 Rxa4 34.
Qb3 Rc4 35. Rfc1 Rxc1 36. Qxe6 Rc2+ 37. Kh3 fxe6 38. Re1 Kf7 39. f4 exf4 40.
gxf4 Kf6 41. Kg3 Kf5 42. Re3 Rc4 43. Rf3 Ne7 44. Re3 Re4 45. Ra3 Rxf4 46. Ra7
Rg4+ 47. Kh3 Nd5 48. Rf7+ Nf6 49. Rc7 Rg1 50. Rc2 Nd5 51. Rc5 Ke5 52. Ra5 Kf6
53. Kh4 Nf4 54. Rf5+ exf5 0-1

[Event "24th ch-EUR Indiv w 2024"]
[Site "Rhodes GRE"]
[Date "2024.04.29"]
[Round "10.73"]
[White "Deak-Sala, Emilia"]
[Black "Siskou, Evangelia"]
[Result "0-1"]
[WhiteElo "2053"]
[BlackElo "1837"]
[WhiteFideId "795615"]
[BlackFideId "42113938"]
[EventDate "2024.04.19"]

1. Nf3 d5 2. g3 Nf6 3. Bg2 e6 4. O-O Be7 5. d3 O-O 6. Nbd2 c5 7. e4 Nc6 8. Re1
Qc7 9. Qe2 dxe4 10. dxe4 e5 11. c3 h6 12. h3 Be6 13. Nf1 Rfe8 14. Nh4 Bf8 15.
Qf3 Qe7 16. Ne3 g6 17. Qe2 Rad8 18. Kh2 Bg7 19. Bf3 b6 20. Nhg2 Qd7 21. g4 b5
22. h4 b4 23. Kg3 bxc3 24. bxc3 Qd3 25. Qxd3 Rxd3 26. Be2 Nxe4+ 27. Kf3 Nd2+ 28.
Kg3 Rd6 29. f3 e4 30. Ba3 exf3 31. Bxf3 Nxf3 32. Kxf3 Bxc3 33. Bxc5 Rd7 34. g5
Bxe1 35. Rxe1 Ne5+ 36. Kg3 Nd3 37. Ng4 Nxe1 38. Nf6+ Kh8 39. Nxe8 Nxg2 40. Nf6
Rd2 41. gxh6 Ne1 42. Bf8 Rg2+ 43. Kf4 Rf2+ 44. Ke5 Rf5+ 45. Kd6 Rxf6 46. Bg7+
Kh7 47. Bxf6 Bxa2 48. Bd4 a6 49. Be3 Ng2 50. Bg5 a5 51. Kc5 a4 52. Kb4 Bb3 53.
Ka3 Ne1 54. Bc1 Nf3 55. Bg5 Nxg5 56. hxg5 f6 57. gxf6 Kxh6 0-1

[Event "24th ch-EUR Indiv w 2024"]
[Site "Rhodes GRE"]
[Date "2024.04.29"]
[Round "10.75"]
[White "Silva, Ana Ines Teixeira Da"]
[Black "Recica, Jona"]
[Result "1-0"]
[WhiteTitle "WFM"]
[WhiteElo "1933"]
[BlackElo "1641"]
[WhiteFideId "1932543"]
[BlackFideId "22105239"]
[EventDate "2024.04.19"]

1. e4 c5 2. c3 d5 3. exd5 Qxd5 4. d4 g6 5. Nf3 Nf6 6. Nbd2 Bg7 7. Bc4 Qd6 8. O-O
O-O 9. dxc5 Qxc5 10. Qe2 Nc6 11. Nb3 Qh5 12. h3 Nd7 13. Re1 Nde5 14. Nxe5 Qxe2
15. Bxe2 Nxe5 16. Bg5 e6 17. Rad1 b6 18. f4 Nd7 19. Bf3 Rb8 20. Be7 Bf6 21. Bxf8
Kxf8 22. Nd4 Bxd4+ 23. Rxd4 Ke7 24. Red1 Nc5 25. Rd8 1-0

[Event "24th ch-EUR Indiv w 2024"]
[Site "Rhodes GRE"]
[Date "2024.04.29"]
[Round "10.76"]
[White "Dereka, Konstantina"]
[Black "Gajcin, Jasmina"]
[Result "1-0"]
[BlackTitle "WCM"]
[WhiteElo "1821"]
[BlackElo "1908"]
[WhiteFideId "25837435"]
[BlackFideId "939030"]
[EventDate "2024.04.19"]

1. d4 Nf6 2. c4 g6 3. Nc3 d5 4. cxd5 Nxd5 5. e4 Nxc3 6. bxc3 Bg7 7. Bc4 O-O 8.
Ne2 c5 9. O-O Nc6 10. Be3 Qc7 11. Rc1 Rd8 12. Qd2 b6 13. Rfd1 Bb7 14. f3 Na5 15.
Bd3 c4 16. Bb1 e5 17. d5 Rd6 18. f4 f6 19. h4 Bc8 20. f5 Nb7 21. g4 gxf5 22.
exf5 Nc5 23. Ng3 Bb7 24. Qe2 Nd3 25. Bxd3 cxd3 26. Qxd3 Rxd5 27. Qe2 Rxd1+ 28.
Rxd1 Qc6 29. g5 Bf8 30. Kh2 Bd6 31. Nh5 e4+ 32. Kh1 Be5 33. gxf6 Bxf6 34. Rd7
Be5 35. Qg4+ Kf8 36. f6 Bxf6 37. Rxb7 1-0

[Event "24th ch-EUR Indiv w 2024"]
[Site "Rhodes GRE"]
[Date "2024.04.29"]
[Round "10.78"]
[White "Korinioti, Myrto"]
[Black "Kaka, Rengina Tsampika"]
[Result "1-0"]
[WhiteElo "1457"]
[BlackElo "1480"]
[WhiteFideId "42153743"]
[BlackFideId "42153794"]
[EventDate "2024.04.19"]

1. e4 e5 2. Nf3 Nc6 3. d4 exd4 4. Nxd4 Bc5 5. Be3 Qf6 6. c3 Nge7 7. Qd2 h6 8.
Nb5 Bxe3 9. Qxe3 Kd8 10. Bc4 a6 11. Nd4 b5 12. Bb3 d6 13. O-O Ne5 14. Nd2 Ng4
15. Qf3 Qxf3 16. N2xf3 Rf8 17. Rad1 Bb7 18. e5 Kc8 19. exd6 cxd6 20. Rfe1 Ng6
21. Nf5 Bxf3 22. gxf3 N4e5 23. Nxd6+ Kc7 24. Bd5 Rad8 25. Nf5 Rxd5 26. Rxd5
Nxf3+ 27. Kf1 Nxe1 28. Kxe1 Nf4 29. Rd4 Ne6 30. Rg4 Re8 31. Kf1 Rd8 32. Nxg7 Rd2
33. Nxe6+ fxe6 34. Rb4 Rd1+ 35. Kg2 Ra1 36. a3 Kb6 37. c4 Rc1 38. cxb5 axb5 39.
Kf3 Rc5 40. a4 Rf5+ 41. Ke2 Rh5 42. Rxb5+ Rxb5 43. axb5 Kxb5 44. Ke3 Kc5 45. Kf4
Kd4 46. b4 e5+ 47. Kf5 e4 48. b5 Kc5 49. Kxe4 Kxb5 50. Kf5 h5 51. Kg5 h4 52.
Kxh4 Kc6 53. Kg5 Kd7 54. Kg6 Ke8 55. Kg7 Ke7 56. h4 Ke6 57. h5 Kf5 58. h6 Kg4
59. h7 Kf4 60. h8=Q Kg4 61. Qh6 Kf5 62. Qe3 Kg4 63. Kg6 Kh4 64. Qg3# 1-0

[Event "24th ch-EUR Indiv w 2024"]
[Site "Rhodes GRE"]
[Date "2024.04.29"]
[Round "10.81"]
[White "Popadyuk, Olga"]
[Black "Revelioti, Eleni Nefeli"]
[Result "1-0"]
[WhiteElo "1633"]
[BlackElo "1652"]
[WhiteFideId "14176246"]
[BlackFideId "42168090"]
[EventDate "2024.04.19"]

1. Nf3 Nf6 2. d4 d6 3. Bf4 Nbd7 4. c4 b6 5. Nc3 Bb7 6. Qc2 Bxf3 7. gxf3 g6 8.
Qd2 Bg7 9. e4 e5 10. Bg5 Qe7 11. Nd5 Qd8 12. O-O-O c6 13. Nxf6+ Nxf6 14. Bh6 O-O
15. Bxg7 Kxg7 16. h4 Qe7 17. Qg5 Rfe8 18. h5 a5 19. hxg6 fxg6 20. Qh6+ Kh8 21.
Qxg6 Rg8 22. Qf5 Rad8 23. Rh6 Rgf8 24. Qh3 Rf7 25. Qh2 Rdf8 26. Bh3 Ne8 27. Bf5
Nf6 28. dxe5 dxe5 29. f4 exf4 30. Qxf4 Rg7 31. Rdh1 Rff7 32. Qb8+ Rf8 33. Qxb6
Rff7 34. Qxc6 1-0

[Event "24th ch-EUR Indiv w 2024"]
[Site "Rhodes GRE"]
[Date "2024.04.29"]
[Round "10.82"]
[White "Alexandri, Vasiliki"]
[Black "Torres Torres, Victoria"]
[Result "1-0"]
[WhiteElo "1859"]
[BlackElo "1468"]
[WhiteFideId "42103606"]
[BlackFideId "22210679"]
[EventDate "2024.04.19"]

1. d4 d5 2. c4 e6 3. Nc3 Nf6 4. cxd5 exd5 5. Bg5 c6 6. e3 a6 7. Bd3 Be7 8. Qc2
Nbd7 9. Nge2 O-O 10. O-O Re8 11. Rae1 Nf8 12. f3 g6 13. Bh4 b5 14. Bf2 Nh5 15.
Ng3 Nxg3 16. Bxg3 Bb7 17. Qf2 Ne6 18. Ne2 a5 19. e4 c5 20. Bxb5 Rf8 21. e5 c4
22. Ba4 Rc8 23. Rd1 Qb6 24. Nc3 Bb4 25. f4 Ng7 26. Bc2 Rce8 27. Bh4 Be7 28. Bxe7
Rxe7 29. Na4 Qc7 30. f5 Nh5 31. g4 f6 32. fxg6 h6 33. gxh5 Re6 34. Nc5 Rb6 35.
Bf5 Qg7 36. Ne6 Rxe6 37. Bxe6+ Kh8 38. exf6 Rxf6 39. Qxf6 1-0

[Event "24th ch-EUR Indiv w 2024"]
[Site "Rhodes GRE"]
[Date "2024.04.29"]
[Round "10.83"]
[White "Mihailidou, Magdalini"]
[Black "Sanchez Ruiz, Piedad Esmeralda"]
[Result "1-0"]
[WhiteElo "1915"]
[BlackElo "1806"]
[WhiteFideId "25801236"]
[BlackFideId "2286912"]
[EventDate "2024.04.19"]

1. e4 c5 2. Nf3 e6 3. d4 cxd4 4. Nxd4 a6 5. c4 Qc7 6. a3 Nf6 7. Nc3 Be7 8. Be3
d6 9. Be2 Bd7 10. f4 Nc6 11. b4 O-O 12. O-O Rfd8 13. Rc1 b6 14. Nd5 Qb7 15.
Nxe7+ Nxe7 16. e5 dxe5 17. Bf3 1-0